000 00729nmm a2200277 a 4500
003 AR-Y00000XR
005 20251128211932.0
008 287020s1994 ||||||||||||||000 | spa||
020 _a85-7164-396-2
040 _cAR-Y00000XR
100 1 _aMorais, Fernando
245 1 0 _aChato
_bo rei do Brasil
250 _a3ª ed.
260 _aSão Paulo
_bCompanhia das Letras
_c1994
300 0 _a732 p.
_bil.
600 1 4 _aChateaubriand Bandeira de Melo, Francisco de Assis
_d1892-1968
650 4 _aPOLITICOS
650 4 _aBIOGRAFIAS
650 4 _aSIGLO VEINTE
650 4 _aPERIODISMO
651 4 _aBrasil
655 _aBIOGRAFIAS
700 1 _aAlmeida, Hélio de
_efotógrafo
942 _cBK
998 _cme-solo cat
999 _c21683
_d21683